• 首页
  • 本馆介绍
  • 公告通知
  • 最新文献
  • 馆藏检索
  • 电子资源
  • 读者导购
  • 参考咨询
  • 我的图书馆
  • 登录
  • 详细信息显示
  • 放入我的书架
  • 预约/预借图书
  • 作者相关作品
  • 分类相关作品
  • 丛书相关作品
  • 出版社相关作品

书目信息

  • 表格格式
  • 工作单格式
  • 卡片格式
题名:
运输与仓储技术
    
 
作者: 吴承建 , 彭建良 编著
分册:  
出版信息: 北京   中国物资出版社  2009
页数: 369页
开本: 26cm
丛书名:
单 册:
中图分类: F252 , F253.4
科图分类:
主题词: 物流--物资管理--高等学校--教材 , 仓库管理--高等学校--教材 , 物流 , 物资管理
电子资源:
ISBN: 978-7-5047-3012-1
000 01014nam0 2200301 45
001 1034503870
005 20100319082112.60
010    @a978-7-5047-3012-1@dCNY38.00
100    @a20100311d2009 em y0chiy0110 ea
101 0  @achi
102    @aCN@b110000
105    @ay z 000yy
106    @ar
200 1  @a运输与仓储技术@AYun Shu Yu Cang Chu Ji Shu@f吴承建,彭建良编著@FWu Cheng Jian, Peng Jian Liang Bian Zhu
210    @a北京@c中国物资出版社@d2009
215    @a369页@d26cm
300    @a高等院校物流专业精品系列教材
330    @a本书介绍了物流运输与仓储的基本理论和基本方法。内容包括:物流运输与仓储概论、运输方式与业务流程、国际货物运输、运输决策、运输业务管理等。
606 0  @a物流@x物资管理@x高等学校@j教材
606 0  @a仓库管理@x高等学校@j教材
606 0  @a物流
606 0  @a物资管理
690    @aF252@v4
690    @aF253.4@v4
701  0 @a吴承建@AWu Cheng Jian@4编著
701  0 @a彭建良@APeng Jian Liang@4编著
801  0 @aCN@bTANGWEI@c20100319
905    @b0585711-13@dF252@e136@f3
    
    运输与仓储技术/吴承建,彭建良编著.-北京:中国物资出版社,2009
    369页;26cm
    高等院校物流专业精品系列教材
    
    ISBN 978-7-5047-3012-1:CNY38.00
    本书介绍了物流运输与仓储的基本理论和基本方法。内容包括:物流运输与仓储概论、运输方式与业务流程、国际货物运输、运输决策、运输业务管理等。
●
相关链接 在E读中查询图书 在五车中查询图书 在当当中查询图书 在豆瓣中查询图书


正题名:运输与仓储技术     索取号:F252/136         预约/预借

序号 登录号 条形码 馆藏地/架位号 状态 备注
1 0585711   205857116   第一样本阅览室/ [索取号:F252/136] 在馆    
2 0585712   205857125   密集书库-海洋学院/ [索取号:F252/136] 在馆    
3 0585713   205857134   第一借阅区/ [索取号:F252/136] 在馆    
唐山师范学院图书馆 欢迎您!
大连网信软件有限公司© 版权所有